The Metric System: A Laboratory Approach for Teachers (Record no. 563)

MARC details
005 - DATE AND TIME OF LATEST TRANSACTION
control field 20250313141654.0
020 ## - INTERNATIONAL STANDARD BOOK NUMBER
International Standard Book Number 0-471-02763-4
082 ## - DEWEY DECIMAL CLASSIFICATION NUMBER
Classification number 389.152 WHI
100 ## - MAIN ENTRY--PERSONAL NAME
Author name WHITMAN, N.C.
245 ## - TITLE STATEMENT
Title The Metric System: A Laboratory Approach for Teachers
260 ## - PUBLICATION, DISTRIBUTION, ETC.
Place of publication, distribution, etc. New York
Name of publisher, distributor, etc. John Wiley & Sons
Date of publication, distribution, etc. 1978
300 ## - PHYSICAL DESCRIPTION
Extent x, 143p., ill., tables
Other physical details Index
Dimensions 22cm.
700 ## - ADDED ENTRY--PERSONAL NAME
Other authors/Editors BRAUN, F.G.
942 ## - ADDED ENTRY ELEMENTS (KOHA)
Source of classification or shelving scheme Dewey Decimal Classification
Koha item type Books
Holdings
Date last seen Total checkouts Full call number Barcode Cost, replacement price Price effective from Koha item type Lost status Source of classification or shelving scheme Damaged status Not for loan Withdrawn status Home library Current library Shelving location Date acquired Cost, normal purchase price
03/13/2025   389.152 WHI, L.M. 000000884 60000.00 03/13/2025 Books   Dewey Decimal Classification       College of Business Education Main Library College of Business Education Main Library General Collection 03/20/2025 20000.00
03/13/2025   389.152 WHI, L.M. 000000885 60000.00 03/13/2025 Books   Dewey Decimal Classification       College of Business Education Main Library College of Business Education Main Library General Collection 03/20/2025 20000.00
03/13/2025   389.152 WHI, L.M. 000000886 60000.00 03/13/2025 Books   Dewey Decimal Classification       College of Business Education Main Library College of Business Education Main Library General Collection 03/20/2025 20000.00
03/13/2025   389.152 WHI, L.M. 000000887 60000.00 03/13/2025 Books   Dewey Decimal Classification       College of Business Education Main Library College of Business Education Main Library General Collection 03/20/2025 20000.00
03/13/2025   389.152 WHI, L.M. 000000888 60000.00 03/13/2025 Books   Dewey Decimal Classification       College of Business Education Main Library College of Business Education Main Library General Collection 03/20/2025 20000.00
03/13/2025   389.152 WHI, L.M. 000000889 60000.00 03/13/2025 Books   Dewey Decimal Classification       College of Business Education Main Library College of Business Education Main Library General Collection 03/20/2025 20000.00